000 00596nam a22002297a 4500
003 OSt
005 20140310183121.0
008 130511t xxu||||| |||| 00| 0 eng d
020 _aA96715
050 _aQA76
_b.C932 1999
082 _aFIL 907
_bC86 1999
245 _aInformation Technology Perspectives
_cCrisostomo, Conchita
260 _aLas PiƱas City
_b3K-IT Educational Services
_c1999
300 _a145 p.
_c22 cm
521 _aCollege Students
526 _c1210L-1700L
541 _j1
541 _j2
541 _j3
562 _e3
942 _2lcc
_cBK
_kFIL
999 _c18942
_d18942